000 00396nam a2200181Ia 4500
001 17327
003 GE_BSU
008 181216s||||||||xx |||||||||||||| ||und||
040 _cGE_BSU
080 _a008(479.24)
245 _aAzerbaycan Culture & Tourism
260 _aBaku
260 _c2009
300 _a319p. 28cm.
541 _h18L.
653 _aAzerbaycan Culture & Tourism
942 _cBK
999 _c50386
_d50386